00409nam a2200145Ia 4500008004100000020001800041041000800059082001500067100002100082245004200103250000600145260006500151300001200216650003500228210716s2018 xx 000 0 und d a9789352134625 aeng a519.5 BOSS aBoslaugh, Sarah. aStatistics: in a nutshell.bNutshell. a2 aNew DelhibShroff Publishers and Distributors Pvt Ltdc2018 axix,569 aStatistical Mathematics(519.5)